Jornadas sobre "Alternativas de desarrollo"
Uloženo v:
| Médium: | Text |
|---|---|
| Tagy: |
Přidat tag
Žádné tagy, Buďte první, kdo vytvoří štítek k tomuto záznamu!
|
MARC
| LEADER | 00000 a a2200000 04500 | ||
|---|---|---|---|
| 001 | 2694 | ||
| 003 | |||
| 040 | |||
| 245 | |a Jornadas sobre "Alternativas de desarrollo" | ||
| 773 | |g número 11; páginas 95-102 | ||
| 999 | |c 28555 |d 28555 | ||
